[Event "Wch FIDE Online U10 Girls Europe qual"]
[Site "Tornelo INT"]
[Date "2020.12.09"]
[Round "6"]
[White "Goriachkina, Oksana"]
[Black "Pavesi, Bianca"]
[Result "1/2-1/2"]
[WhiteElo "1315"]
[BlackElo "1308"]
[PlyCount "146"]
[EventDate "2020.12.07"]
[EventType "swiss (rapid)"]
[EventRounds "7"]
[EventCountry "ISS"]
[SourceTitle "EXT 2022"]
[Source "ChessBase"]
[SourceDate "2021.10.06"]
[SourceVersion "1"]
[SourceVersionDate "2021.10.06"]
[SourceQuality "1"]

1. d4 d5 2. c4 e6 3. Nc3 Nf6 4. cxd5 exd5 5. Bg5 Nbd7 6. Nxd5 Nxd5 7. Bxd8 Bb4+ 8. Qd2 Bxd2+ 9. Kxd2 Kxd8 10. e4 N5f6 11. Bd3 Re8 12. e5 Nd5 13. Nf3 h6 14. Be4 N7b6 15. a4 a5 16. Rac1 Be6 17. h3 Ke7 18. g3 Kf8 19. Ke2 c6 20. Nd2 Kg8 21. f4 f5 22. Bf3 Red8 23. b3 Nb4 24. Ke3 Rd7 25. Rhd1 Rad8 26. Nc4 Nxc4+ 27. bxc4 Kf7 28. g4 g6 29. Rd2 g5 30. fxg5 hxg5 31. gxf5 Bxf5 32. Bg4 Bxg4 33. hxg4 Ke6 34. Rf1 Rxd4 35. Rxd4 Nc2+ 36. Ke2 Nxd4+ 37. Ke3 c5 38. Ke4 Rh8 39. Rf6+ Ke7 40. Rg6 Rh1 41. Rxg5 Re1+ 42. Kd5 Nf3 43. Rf5 Nh4 44. Rh5 Ng6 45. Rh7+ Kf8 46. Kxc5 Rxe5+ 47. Kb6 Re6+ 48. Kxb7 Ne5 49. c5 Nxg4 50. Rh8+ Kg7 51. Ra8 Re7+ 52. Kb6 Ne5 53. Ra7 Nc4+ 54. Ka6 Rxa7+ 55. Kxa7 Kf7 56. c6 Ke7 57. c7 Kd7 58. Kb7 Nd6+ 59. Kb6 Nc4+ 60. Kb7 Nd6+ 61. Kb6 Nc4+ 62. Kb5 Kxc7 63. Kxc4 Kc6 64. Kd4 Kd6 65. Kc4 Kc6 66. Kc3 Kc5 67. Kb2 Kb4 68. Ka1 Kxa4 69. Ka2 Kb4 70. Kb2 a4 71. Ka2 a3 72. Kb1 Kb3 73. Ka1 a2 1/2-1/2

[Event "EU-ch U10 Girls"]
[Site "Bratislava"]
[Date "2019.08.08"]
[Round "7"]
[White "Chevillon, Manon1111"]
[Black "Pavesi, Bianca"]
[Result "0-1"]
[WhiteElo "1232"]
[BlackElo "1554"]
[PlyCount "138"]
[EventDate "2019.08.02"]
[EventType "swiss"]
[EventRounds "9"]
[EventCountry "SVK"]
[SourceTitle "EXT 2020"]
[Source "ChessBase"]
[SourceDate "2019.10.17"]
[SourceVersion "1"]
[SourceVersionDate "2019.10.17"]
[SourceQuality "1"]

1. e4 c6 2. Nc3 d5 3. Nf3 dxe4 4. Nxe4 Nf6 5. Qe2 Nxe4 6. Qxe4 Nd7 7. Bc4 Nf6 8. Qe2 Bf5 9. d3 e6 10. 0-0 Be7 11. Rd1 0-0 12. d4 Qb6 13. c3 Rfd8 14. h3 Rac8 15. Be3 Qc7 16. Bb3 a5 17. a4 h6 18. Ne5 Bd6 19. f4 Nd5 20. Re1 Nxe3 21. Qxe3 c5 22. g3 Bxe5 23. dxe5 Bxh3 24. Bc2 Bg4 25. Be4 Rd7 26. Bf3 Bxf3 27. Qxf3 Rd2 28. Re2 Rcd8 29. Rxd2 Rxd2 30. Rb1 Qb6 31. Qe3 Rc2 32. b3 Qc6 33. Qf2 Rxf2 34. Kxf2 Qe4 35. Rb2 Qd3 36. Re2 Qxc3 37. Re3 Qc2+ 38. Kf3 Kh7 39. g4 Qd1+ 40. Kg3 Kg6 41. Kf2 Qd4 42. Kf3 h5 43. gxh5+ Kxh5 44. Re1 Qd5+ 45. Kf2 Qxb3 46. Rh1+ Kg4 47. Rg1+ Kxf4 48. Rxg7 Qb2+ 49. Kg1 c4 50. Rxf7+ Kxe5 51. Rf2 Qxf2+ 52. Kxf2 Kd4 53. Ke2 Kc3 54. Kd1 Kb2 55. Ke2 c3 56. Kd3 c2 57. Kd4 c1Q 58. Ke5 Qd2 59. Kxe6 Qd4 60. Ke7 Qd5 61. Kf6 Kc3 62. Kg6 Qe5 63. Kh6 Kd4 64. Kg6 Kd5 65. Kf7 Kd6 66. Kg6 Ke6 67. Kh7 Kf6 68. Kg8 Qe7 69. Kh8 Qg7# 0-1

[Event "EU-ch U10 Girls"]
[Site "Bratislava"]
[Date "2019.08.05"]
[Round "4"]
[White "Pavesi, Bianca"]
[Black "Alexandri, Dimitra"]
[Result "1/2-1/2"]
[WhiteElo "1554"]
[BlackElo "1128"]
[PlyCount "110"]
[EventDate "2019.08.02"]
[EventType "swiss"]
[EventRounds "9"]
[EventCountry "SVK"]
[SourceTitle "EXT 2020"]
[Source "ChessBase"]
[SourceDate "2019.10.17"]
[SourceVersion "1"]
[SourceVersionDate "2019.10.17"]
[SourceQuality "1"]

1. d4 Nf6 2. Nf3 d6 3. c4 Nbd7 4. Bg5 e5 5. dxe5 dxe5 6. Nc3 Be7 7. e3 0-0 8. Qc2 h6 9. Bh4 c6 10. Rd1 Qc7 11. Bg3 Nh5 12. Bd3 Nxg3 13. hxg3 Nf6 14. a3 Bg4 15. Be2 Bxf3 16. Bxf3 Rad8 17. 0-0 Rxd1 18. Rxd1 Rd8 19. Ne4 Rxd1+ 20. Qxd1 Nxe4 21. Bxe4 Bf6 22. Qd2 g6 23. Kf1 Bg7 24. Kg1 f5 25. Bf3 Qf7 26. Be2 Qc7 27. Bf3 e4 28. Be2 Qe7 29. b4 Qc7 30. c5 Qe7 31. Bc4+ Kf8 32. Kh2 Ke8 33. Kg1 Qc7 34. Kh2 Be5 35. Kg1 Qg7 36. Kh2 Qf6 37. Kg1 Qe7 38. Kf1 Qf6 39. Kg1 Bb2 40. a4 Bc3 41. Qa2 Bxb4 42. Qb3 a5 43. Kh2 Qe7 44. Kg1 Bxc5 45. Kh2 Kf8 46. Kg1 Qf6 47. Qxb7 Bb4 48. Qd7 c5 49. Qc8+ Ke7 50. Qc7+ Kf8 51. Qc8+ Ke7 52. Qc7+ Kf8 53. Qc8+ Ke7 54. Qc7+ Kf8 55. Qc8+ Ke7 1/2-1/2

[Event "Wch U08 Girls"]
[Site "Santiago de Compostela"]
[Date "2018.11.11"]
[Round "7"]
[White "Iudina, Veronika"]
[Black "Pavesi, Bianca"]
[Result "1-0"]
[WhiteElo "1454"]
[BlackElo "1377"]
[PlyCount "117"]
[EventDate "2018.11.04"]
[EventType "swiss"]
[EventRounds "11"]
[EventCountry "ESP"]
[SourceTitle "EXT 2022"]
[Source "ChessBase"]
[SourceDate "2021.10.06"]
[SourceVersion "1"]
[SourceVersionDate "2021.10.06"]
[SourceQuality "1"]

1. e4 c6 2. d4 d5 3. exd5 cxd5 4. Bd3 Nc6 5. c3 Nf6 6. Bf4 Bg4 7. Qb3 Qc8 8. Nd2 e6 9. Ngf3 Be7 10. 0-0 0-0 11. Ne5 Nxe5 12. Bxe5 b6 13. Qc2 h6 14. h3 Bf5 15. Bxf5 exf5 16. Bxf6 Bxf6 17. Nf3 Re8 18. Rfe1 Qd7 19. Qd3 Rac8 20. Rxe8+ Rxe8 21. Re1 Rxe1+ 22. Nxe1 g6 23. Nf3 Qa4 24. a3 Qc6 25. Qa6 Qc7 26. a4 Kg7 27. Qb5 Qd8 28. Ne1 a5 29. Nd3 g5 30. Qc6 Be7 31. Ne5 f6 32. Nd7 Kf7 33. Nxb6 f4 34. Nxd5 Bf8 35. Nc7 Qe7 36. Qd5+ Kg7 37. Ne6+ Kh8 38. Nxf8 Qxf8 39. Qxa5 Qe8 40. c4 Qe4 41. Qd8+ Kg7 42. a5 Qe1+ 43. Kh2 Qxf2 44. Qd7+ Kg6 45. Qg4 Qxd4 46. Qe2 Qd6 47. Qe4+ Kg7 48. Qf3 Qc7 49. a6 Kg6 50. Qb7 Qe5 51. Qf3 Qc7 52. Qe4+ Kh5 53. Kh1 Qd6 54. Qf3+ Kg6 55. a7 g4 56. Qxg4+ Kf7 57. a8Q f5 58. Qxf5+ Kg7 59. Qb7+ 1-0